00345 a2200121 45000010005000001000017000052450045000222600016000670900015000839420023000989990019001219520083001403438 aVillard, H S aLibya : the new arab kingdom of n africa abCornellc c2707d2707 aNUST-CAEcMc18969 c238511d238511 001040708NFICaCAEbCAEd2017-04-03l0pCAE6100r2017-04-05w2017-04-05yBK